Saisie de texte - "Hexakosioihexekontahexaphobie" - Statistiques

Statistiques générales
  • Ce quiz a été pris 8 fois
  • Le résultat moyen est 18 sur 29
Statistiques - réponses
Lettre % Correct
A
100%
E
100%
H
100%
K
100%
O
100%
X
100%
I
80%
S
80%
E
60%
E
60%
H
60%
I
60%
K
60%
N
60%
O
60%
O
60%
T
60%
X
60%
A
40%
A
40%
B
40%
E
40%
E
40%
H
40%
H
40%
I
40%
O
40%
P
40%
X
40%
Aucun quiz correspondant
Distribution des résultats
% des personnes avec chaque résultat
Percentile par nombre de réponses
Votre historique - résultats
Vous n’avez pas pris ce quiz